00337nam a22000977a 4500008004100000100001900041245010000060260002100160300003700181773002100218250107b ||||| |||| 00| 0 eng d aLuthra, Manan  aReporting riots: Processions, police and public in the new imperial capital of Delhi (199-1925) aSocial Scientist a52(9-10), Sep-Oct, 2024: p.57-66 aSocial Scientist